<?xml version="1.0" encoding="UTF-8"?><?xml-stylesheet type="text/xsl" href="static/style.xsl"?><OAI-PMH xmlns="http://www.openarchives.org/OAI/2.0/" xmlns:xsi="http://www.w3.org/2001/XMLSchema-instance" xsi:schemaLocation="http://www.openarchives.org/OAI/2.0/ http://www.openarchives.org/OAI/2.0/OAI-PMH.xsd"><responseDate>2026-04-26T23:12:46Z</responseDate><request verb="GetRecord" identifier="oai:repisalud.isciii.es:20.500.12105/25303" metadataPrefix="marc">https://repisalud.isciii.es/rest/oai/request</request><GetRecord><record><header><identifier>oai:repisalud.isciii.es:20.500.12105/25303</identifier><datestamp>2025-12-18T12:53:43Z</datestamp><setSpec>com_20.500.12105_2052</setSpec><setSpec>com_20.500.12105_2051</setSpec><setSpec>col_20.500.12105_19608</setSpec></header><metadata><record xmlns="http://www.loc.gov/MARC21/slim" xmlns:dcterms="http://purl.org/dc/terms/" xmlns:doc="http://www.lyncode.com/xoai" xmlns:xsi="http://www.w3.org/2001/XMLSchema-instance" xsi:schemaLocation="http://www.loc.gov/MARC21/slim http://www.loc.gov/standards/marcxml/schema/MARC21slim.xsd">
   <leader>00925njm 22002777a 4500</leader>
   <datafield ind2=" " ind1=" " tag="042">
      <subfield code="a">dc</subfield>
   </datafield>
   <datafield ind2=" " ind1=" " tag="720">
      <subfield code="a">García-Pérez, Javier</subfield>
      <subfield code="e">author</subfield>
   </datafield>
   <datafield ind2=" " ind1=" " tag="720">
      <subfield code="a">Jiménez, T</subfield>
      <subfield code="e">author</subfield>
   </datafield>
   <datafield ind2=" " ind1=" " tag="720">
      <subfield code="a">Domínguez-Castillo, A</subfield>
      <subfield code="e">author</subfield>
   </datafield>
   <datafield ind2=" " ind1=" " tag="720">
      <subfield code="a">Fernandez de Larrea-Baz, Nerea</subfield>
      <subfield code="e">author</subfield>
   </datafield>
   <datafield ind2=" " ind1=" " tag="720">
      <subfield code="a">Maeso Martínez, Sergio</subfield>
      <subfield code="e">author</subfield>
   </datafield>
   <datafield ind2=" " ind1=" " tag="720">
      <subfield code="a">Fuentes.Pineda, M</subfield>
      <subfield code="e">author</subfield>
   </datafield>
   <datafield ind2=" " ind1=" " tag="720">
      <subfield code="a">Perez-Gomez, Beatriz</subfield>
      <subfield code="e">author</subfield>
   </datafield>
   <datafield ind2=" " ind1=" " tag="720">
      <subfield code="a">Pollan-Santamaria, Marina</subfield>
      <subfield code="e">author</subfield>
   </datafield>
   <datafield ind2=" " ind1=" " tag="720">
      <subfield code="a">Lope Carvajal, Virginia</subfield>
      <subfield code="e">author</subfield>
   </datafield>
   <datafield ind2=" " ind1=" " tag="260">
      <subfield code="c">2024-09</subfield>
   </datafield>
   <datafield ind2=" " ind1=" " tag="520">
      <subfield code="a">Antecedentes/Objetivos: La densidad mamográfica (DM), el % de tejido mamario correspondiente al epitelio y estroma, es un importante marcador de riesgo modificable de cáncer de mama. Estudios previos han asociado la exposición a la contaminación del aire con este tumor; sin embargo, los trabajos que han explorado su asociación con la DM muestran resultados inconsistentes. Objetivo: investigar la asociación entre la DM y exposición a 8 contaminantes atmosféricos. Métodos: Estudio transversal en una muestra de 769 mujeres premenopáusicas (39-50 años) incluidas en el estudio DDM-Madrid, que acudieron al centro de Madrid Salud para su reconocimiento ginecológico. El cuestionario epidemiológico incluyó hábitos de vida, variables sociodemográficas y dirección residencial. La información atmosférica horaria se extrajo de las 24 estaciones de control del Sistema Integral de Calidad del Aire del Ayuntamiento de Madrid. La exposición a largo plazo a 8 contaminantes (SO2, CO, NO, NO2, NOx, PM2,5, PM10 y O3) se evaluó geocodificando las direcciones residenciales y aplicando kriging ordinario para estimar la media anual de 3 años de exposición de cada mujer, clasificando la variable de exposición en cuartiles. La DM se clasificó en “alta” (DM > 50%) y “baja” (DM ≤ 50%)), y se aplicaron modelos de regresión logística para estimar los odds ratios (OR) y sus intervalos de confianza al 95% (IC95%) en cada cuartil de exposición para cada contaminante (considerando Q1 como referencia), ajustando por potenciales confusores. Resultados: No se encontró asociación estadísticamente significativa entre DM y exposición a contaminantes atmosféricos. Sin embargo, se detectaron incrementos de riesgo (ORQ4; IC95%) de alta DM, no significativos, en mujeres con mayor exposición a SO2 (1,50; 0,90-2,48), PM2,5 (1,27; 0,77-2,10) y O3 (1,10; 0,66-1,83). Por el contrario, se encontraron ORs &lt; 1, no significativos, en todos los cuartiles de exposición para NO (ORQ2 = 0,72, ORQ3 = 0,68, ORQ4 = 0,78), NO2 (ORQ2 = 0,87, ORQ3 = 0,98, ORQ4 = 0,71), NOx (ORQ2 = 0,77, ORQ3 = 0,72, ORQ4 = 0,83) y PM10 (ORQ2 = 0,69, ORQ3 = 0,82, ORQ4 = 0,72). Conclusiones/Recomendaciones: Aunque los resultados mostraron ausencia de asociación entre contaminación atmosférica y DM, son necesarias futuras investigaciones para confirmar o refutar estos hallazgos, ya que la DM es un biomarcador clave de cáncer de mama y conocer la relación entre ambos es clave para diseñar estrategias de prevención.</subfield>
   </datafield>
   <datafield ind1="8" ind2=" " tag="024">
      <subfield code="a">Gac Sanit. 2024;38(S2):S137-S137.</subfield>
   </datafield>
   <datafield ind1="8" ind2=" " tag="024">
      <subfield code="a">0213-9111</subfield>
   </datafield>
   <datafield ind1="8" ind2=" " tag="024">
      <subfield code="a">https://hdl.handle.net/20.500.12105/25303</subfield>
   </datafield>
   <datafield ind1="8" ind2=" " tag="024">
      <subfield code="a">1578-1283</subfield>
   </datafield>
   <datafield tag="653" ind2=" " ind1=" ">
      <subfield code="a">Densidad mamográfica</subfield>
   </datafield>
   <datafield tag="653" ind2=" " ind1=" ">
      <subfield code="a">Tejido mamario</subfield>
   </datafield>
   <datafield tag="653" ind2=" " ind1=" ">
      <subfield code="a">Cáncer de mama</subfield>
   </datafield>
   <datafield tag="653" ind2=" " ind1=" ">
      <subfield code="a">Estudio transversal</subfield>
   </datafield>
   <datafield tag="653" ind2=" " ind1=" ">
      <subfield code="a">Contaminación atmosférico</subfield>
   </datafield>
   <datafield ind2="0" ind1="0" tag="245">
      <subfield code="a">Densidad mamográfica y exposición a contaminantes atmosféricos</subfield>
   </datafield>
</record></metadata></record></GetRecord></OAI-PMH>